Методы и устройства определения мест повреждения линий электропередачи переменного тока; Современные техника и технологии; Т. 1

Détails bibliographiques
Parent link:Современные техника и технологии: сборник трудов XVI Международной научно-практической конференции студентов, аспирантов и молодых ученых, Томск, 12-16 апреля 2010 г/ Национальный исследовательский Томский политехнический университет (ТПУ).— , 2010
Т. 1.— 2010.— [С. 7-8]
Auteur principal: Абрамочкина Л. В. Людмила Владимировна
Autres auteurs: Хрущёв Ю. В. Юрий Васильевич (научный руководитель)
Résumé:Заглавие с титульного листа
Электронная версия печатной публикации
Langue:russe
Publié: 2010
Sujets:
Accès en ligne:http://www.lib.tpu.ru/fulltext/v/Conferences/2010/K04/104001.pdf
Format: MixedMaterials Électronique Chapitre de livre
KOHA link:https://koha.lib.tpu.ru/cgi-bin/koha/opac-detail.pl?biblionumber=225931

MARC

LEADER 00000nla2a2200000 4500
001 225931
005 20231031201046.0
035 |a (RuTPU)RU\TPU\book\246295 
090 |a 225931 
100 |a 20121116d2010 k y0rusy50 ca 
101 0 |a rus 
102 |a RU 
105 |a y z 101zy 
135 |a drnn ---uucaa 
181 0 |a i  
182 0 |a b 
200 1 |a Методы и устройства определения мест повреждения линий электропередачи переменного тока  |b Электронный ресурс  |f Л. В. Абрамочкина  |g науч. рук. Ю. В. Хрущев 
203 |a Текст  |c электронный 
215 |a 1 файл (204 Кб) 
230 |a Электронные текстовые данные (1 файл : 204 Кб) 
300 |a Заглавие с титульного листа 
300 |a Электронная версия печатной публикации 
337 |a Adobe Reader 
461 0 |0 (RuTPU)RU\TPU\book\245271  |t Современные техника и технологии  |o сборник трудов XVI Международной научно-практической конференции студентов, аспирантов и молодых ученых, Томск, 12-16 апреля 2010 г  |o в 3 т.  |f Национальный исследовательский Томский политехнический университет (ТПУ)  |d 2010 
463 0 |0 (RuTPU)RU\TPU\book\245275  |t Т. 1  |v [С. 7-8]  |d 2010  |p [511 с.] 
610 1 |a линии электропередачи 
610 1 |a переменный электрический ток 
610 1 |a повреждения 
610 1 |a высокое напряжение 
610 1 |a методы определения 
610 1 |a электронный ресурс 
610 1 |a труды учёных ТПУ 
700 1 |a Абрамочкина  |b Л. В.  |c специалист в области электроэнергетики  |c ассистент Томского политехнического университета  |f 1986-  |g Людмила Владимировна  |2 stltpush  |3 (RuTPU)RU\TPU\pers\28613 
702 1 |a Хрущёв  |b Ю. В.  |c специалист в области электроэнергетики  |c профессор Томского политехнического университета, доктор технических наук  |f 1942-  |g Юрий Васильевич  |2 stltpush  |3 (RuTPU)RU\TPU\pers\26724  |4 727 
801 1 |a RU  |b 63413507  |c 20121116 
801 2 |a RU  |b 63413507  |c 20131003  |g RCR 
856 4 |u http://www.lib.tpu.ru/fulltext/v/Conferences/2010/K04/104001.pdf 
942 |c CF